[Event "Oberliga Baden 2223"]
[Site "Germany"]
[Date "2023.04.23"]
[Round "9.5"]
[White "Duschek, Volker"]
[Black "Greis, Bernhard"]
[Result "1/2-1/2"]
[WhiteElo "2282"]
[BlackElo "2044"]
[PlyCount "75"]
[EventDate "2022.09.18"]
[EventType "team-tourn"]
[EventRounds "9"]
[EventCountry "GER"]
[SourceTitle "EXT 2024"]
[Source "ChessBase"]
[SourceDate "2023.10.10"]
[SourceVersion "1"]
[SourceVersionDate "2023.10.10"]
[SourceQuality "1"]
[WhiteTeam "Karlsruhe"]
[BlackTeam "Buchen"]
[WhiteTeamCountry "GER"]
[BlackTeamCountry "GER"]

1. e4 c5 2. Nf3 Nc6 3. d4 cxd4 4. Nxd4 Nf6 5. Nc3 g6 6. Be3 Bg7 7. Bc4 0-0 8. Bb3 d6 9. f3 Bd7 10. Qd2 Nxd4 11. Bxd4 b5 12. h4 a5 13. a4 b4 14. Nd5 Nxd5 15. Bxg7 Kxg7 16. Bxd5 Rc8 17. h5 g5 18. Qxg5+ Kh8 19. Bb3 Rg8 20. Qd2 Qf8 21. 0-0-0 Be6 22. Kb1 Bxb3 23. cxb3 Qg7 24. g4 Rc5 25. Qf4 f6 26. Rc1 Rgc8 27. Rxc5 Rxc5 28. Rc1 Qf7 29. Rxc5 dxc5 30. Kc2 c4 31. Qe3 Kg7 32. Qc5 cxb3+ 33. Kd3 e5 34. Qd5 Qc7 35. Qxb3 Qc1 36. Qc2 Qf1+ 37. Qe2 Qa1 38. Qc2 1/2-1/2

[Event "Oberliga Baden 2223"]
[Site "Germany"]
[Date "2022.11.27"]
[Round "4.6"]
[White "Duschek, Volker"]
[Black "Aizpurua, Patrick Emilio"]
[Result "0-1"]
[WhiteElo "2282"]
[BlackElo "2310"]
[PlyCount "62"]
[EventDate "2022.09.18"]
[EventType "team-tourn"]
[EventRounds "9"]
[EventCountry "GER"]
[SourceTitle "EXT 2024"]
[Source "ChessBase"]
[SourceDate "2023.10.10"]
[SourceVersion "1"]
[SourceVersionDate "2023.10.10"]
[SourceQuality "1"]
[WhiteTeam "Karlsruhe"]
[BlackTeam "Viernheim II"]
[WhiteTeamCountry "GER"]
[BlackTeamCountry "GER"]

1. e4 e5 2. Nf3 Nc6 3. Bb5 a6 4. Ba4 Nf6 5. 0-0 Be7 6. Re1 b5 7. Bb3 d6 8. c3 0-0 9. h3 Na5 10. Bc2 c5 11. d4 Qc7 12. dxe5 dxe5 13. Nbd2 Rd8 14. Qe2 Bb7 15. Nh2 Rd6 16. Ndf1 g6 17. Ng4 Nxg4 18. hxg4 Nc4 19. g5 Rad8 20. a4 Bc6 21. b3 Nb6 22. axb5 axb5 23. Ne3 Bxg5 24. Nd5 Nxd5 25. Bxg5 Nf4 26. Qg4 R8d7 27. Bxf4 exf4 28. e5 Re6 29. Qxf4 Rde7 30. Qg4 Rxe5 31. Red1 h6 0-1

[Event "Oberliga Baden 2223"]
[Site "Germany"]
[Date "2022.10.23"]
[Round "3.6"]
[White "Feil, Stephan"]
[Black "Duschek, Volker"]
[Result "1/2-1/2"]
[WhiteElo "2138"]
[BlackElo "2282"]
[PlyCount "106"]
[EventDate "2022.09.18"]
[EventType "team-tourn"]
[EventRounds "9"]
[EventCountry "GER"]
[SourceTitle "EXT 2024"]
[Source "ChessBase"]
[SourceDate "2023.10.10"]
[SourceVersion "1"]
[SourceVersionDate "2023.10.10"]
[SourceQuality "1"]
[WhiteTeam "Ladenburg"]
[BlackTeam "Karlsruhe"]
[WhiteTeamCountry "GER"]
[BlackTeamCountry "GER"]

1. e4 c5 2. Nc3 Nc6 3. Bb5 Nd4 4. Nf3 a6 5. Bd3 g6 6. 0-0 Bg7 7. Nxd4 cxd4 8. Ne2 d5 9. f3 e5 10. b3 Ne7 11. Bb2 b5 12. a4 Rb8 13. Ba3 0-0 14. axb5 axb5 15. Bc5 Re8 16. b4 Nc6 17. Nc1 h5 18. Nb3 dxe4 19. fxe4 Bg4 20. Qe1 Qd7 21. h3 Be6 22. Qe2 Red8 23. Na5 Rdc8 24. Nxc6 Qxc6 25. Ra5 Bf8 26. Rxb5 Rxb5 27. Bxb5 Bxc5 28. bxc5 Qxc5 29. Bd3 Qe7 30. Ra1 Qg5 31. Kh1 h4 32. Qf2 Kg7 33. Ra5 Qf6 34. Kg1 Bc4 35. Qxf6+ Kxf6 36. Kf2 Bxd3 37. cxd3 Re8 38. Ra7 Re6 39. Kf3 Rb6 40. Rc7 Rb1 41. Ke2 Rb3 42. Ra7 Rb8 43. Kf3 Rh8 44. Kg4 Rh5 45. Ra6+ Kg7 46. Ra7 Kh6 47. Rxf7 Rg5+ 48. Kf3 Rg3+ 49. Kf2 Rxd3 50. Ke2 Rg3 51. Kf2 Rd3 52. Ke2 Rg3 53. Kf2 Rd3 1/2-1/2

[Event "Verbandsliga Nordbaden 1920"]
[Site "Baden"]
[Date "2019.12.01"]
[Round "3.3"]
[White "Postoev Birkenberg, Alexander"]
[Black "Duschek, Volker"]
[Result "0-1"]
[WhiteElo "2290"]
[BlackElo "2278"]
[PlyCount "80"]
[EventDate "2019.09.29"]
[EventType "team-tourn"]
[EventRounds "9"]
[EventCountry "GER"]
[SourceTitle "EXT 2021"]
[Source "ChessBase"]
[SourceDate "2020.10.23"]
[SourceVersion "1"]
[SourceVersionDate "2020.10.23"]
[SourceQuality "1"]
[WhiteTeam "Hockenheim II"]
[BlackTeam "Karlsruhe"]
[WhiteTeamCountry "GER"]
[BlackTeamCountry "GER"]

1. e4 c5 2. Nf3 d6 3. Bb5+ Nd7 4. 0-0 Ngf6 5. Re1 a6 6. Bf1 b6 7. a4 Bb7 8. Nc3 e5 9. Bc4 h6 10. d3 g6 11. Ne2 Bg7 12. Ng3 0-0 13. c3 Qe7 14. h3 Rac8 15. Nh4 d5 16. Ba2 Kh7 17. Qf3 dxe4 18. dxe4 c4 19. Qe2 b5 20. b3 cxb3 21. Bxb3 Rxc3 22. Qb2 Rcc8 23. axb5 axb5 24. Ra7 Nc5 25. Qa3 Rc7 26. Nhf5 gxf5 27. Nxf5 Qd8 28. Rd1 Qb8 29. Ba2 Bxe4 30. Rxc7 Qxc7 31. Nxg7 Kxg7 32. Be3 Ncd7 33. Qb4 Bg6 34. Qh4 Rh8 35. Qb4 Rb8 36. Qh4 Rh8 37. Qb4 Ra8 38. Bb3 Qa5 39. Qh4 Rh8 40. f4 Qc3 0-1

[Event "Verbandsliga Nordbaden 1819"]
[Site "Baden"]
[Date "2019.05.05"]
[Round "9.2"]
[White "Beer, Markus"]
[Black "Duschek, Volker"]
[Result "0-1"]
[WhiteElo "2105"]
[BlackElo "2278"]
[PlyCount "90"]
[EventDate "2018.10.14"]
[EventType "team-tourn"]
[EventRounds "9"]
[EventCountry "GER"]
[SourceTitle "EXT 2020"]
[Source "ChessBase"]
[SourceDate "2019.10.17"]
[SourceVersion "1"]
[SourceVersionDate "2019.10.17"]
[SourceQuality "1"]
[WhiteTeam "Eppingen II"]
[BlackTeam "Karlsruhe"]
[WhiteTeamCountry "GER"]
[BlackTeamCountry "GER"]

1. e4 c5 2. Nf3 d6 3. d4 cxd4 4. Nxd4 Nf6 5. Nc3 a6 6. Bg5 e6 7. f4 b5 8. e5 dxe5 9. fxe5 Qc7 10. exf6 Qe5+ 11. Be2 Qxg5 12. 0-0 Ra7 13. Nb3 Rd7 14. Qe1 gxf6 15. Qf2 Bb7 16. Bf3 Bxf3 17. Qxf3 f5 18. Rad1 Bg7 19. Rxd7 Nxd7 20. Rd1 Ne5 21. Qa8+ Ke7 22. Qa7+ Kf6 23. Qxa6 b4 24. Nd5+ Kg6 25. g3 h5 26. Nd4 Kh7 27. Nf4 Rd8 28. Qe2 h4 29. Kg2 Rc8 30. Qh5+ Qxh5 31. Nxh5 Ng4 32. Kf3 Bxd4 33. Rxd4 Rxc2 34. gxh4 e5 35. Rxb4 Kh6 36. h3 Nh2+ 37. Ke3 Kxh5 38. a4 f4+ 39. Kd3 f3 40. Rb7 f2 41. Rxf7 Rxb2 42. Kc3 Ra2 43. Kb3 Re2 44. a5 Re3+ 45. Kc4 Nf3 0-1

[Event "Verbandsliga Nordbaden 1819"]
[Site "Baden"]
[Date "2019.03.10"]
[Round "7.3"]
[White "Duschek, Volker"]
[Black "Hartmann, Martin"]
[Result "1-0"]
[WhiteElo "2278"]
[BlackElo "2140"]
[PlyCount "65"]
[EventDate "2018.10.14"]
[EventType "team-tourn"]
[EventRounds "9"]
[EventCountry "GER"]
[SourceTitle "EXT 2020"]
[Source "ChessBase"]
[SourceDate "2019.10.17"]
[SourceVersion "1"]
[SourceVersionDate "2019.10.17"]
[SourceQuality "1"]
[WhiteTeam "Karlsruhe"]
[BlackTeam "Pforzheim"]
[WhiteTeamCountry "GER"]
[BlackTeamCountry "GER"]

1. e4 e5 2. Nf3 Nc6 3. Bb5 a6 4. Ba4 Nf6 5. 0-0 Be7 6. Re1 b5 7. Bb3 0-0 8. c3 d5 9. exd5 Nxd5 10. Nxe5 Nxe5 11. Rxe5 Nf6 12. d4 Bd6 13. Re2 Ng4 14. h3 Qh4 15. Nd2 Bb7 16. d5 Nf6 17. Nf3 Qh5 18. Bg5 Nd7 19. Be7 Rfe8 20. Bxd6 cxd6 21. Rxe8+ Rxe8 22. a4 b4 23. cxb4 Nf6 24. Nd4 Qe5 25. Nc6 Qxb2 26. Rb1 Qc3 27. Rc1 Qb2 28. Na5 Ne4 29. Rc2 Qa3 30. Qd4 Ba8 31. Qxe4 Rxe4 32. Rc8+ Re8 33. Rxe8# 1-0

[Event "Verbandsliga Nordbaden 1718"]
[Site "Baden"]
[Date "2017.11.05"]
[Round "2.3"]
[White "Wind, Lutz"]
[Black "Duschek, Volker"]
[Result "1/2-1/2"]
[WhiteElo "2137"]
[BlackElo "2278"]
[PlyCount "44"]
[EventDate "2017.10.08"]
[EventType "team-tourn"]
[EventRounds "9"]
[EventCountry "GER"]
[SourceTitle "EXT 2019"]
[Source "ChessBase"]
[SourceDate "2018.10.10"]
[SourceVersion "1"]
[SourceVersionDate "2018.10.10"]
[SourceQuality "1"]
[WhiteTeam "Lindenhof"]
[BlackTeam "Karlsruhe"]
[WhiteTeamCountry "GER"]
[BlackTeamCountry "GER"]

1. d4 Nf6 2. Bf4 g6 3. Nc3 c5 4. e3 Bg7 5. Be2 0-0 6. h4 Qa5 7. Qd2 h5 8. 0-0-0 d6 9. Kb1 Nbd7 10. Nf3 b5 11. Nd5 Qd8 12. Nxf6+ Nxf6 13. dxc5 Ne4 14. Qd5 Nc3+ 15. bxc3 Be6 16. Qe4 Qa5 17. Qb4 Qxa2+ 18. Kc1 Rfc8 19. Qb2 Qa5 20. Qb4 Qa2 21. Qb2 Qa5 22. Qb4 Qa2 1/2-1/2

[Event "Verbandsliga Nordbaden 1617"]
[Site "Baden"]
[Date "2016.12.11"]
[Round "4.4"]
[White "Postoev Birkenberg, Alexander"]
[Black "Duschek, Volker"]
[Result "0-1"]
[WhiteElo "2307"]
[BlackElo "2278"]
[PlyCount "108"]
[EventDate "2016.10.09"]
[EventType "team-tourn"]
[EventRounds "9"]
[EventCountry "GER"]
[SourceTitle "EXT 2022"]
[Source "ChessBase"]
[SourceDate "2021.10.06"]
[SourceVersion "1"]
[SourceVersionDate "2021.10.06"]
[SourceQuality "1"]
[WhiteTeam "Hockenheim II"]
[BlackTeam "Karlsruhe"]
[WhiteTeamCountry "GER"]
[BlackTeamCountry "GER"]

1. d4 Nf6 2. Nf3 g6 3. Bf4 Bg7 4. e3 0-0 5. Be2 d6 6. h3 Nbd7 7. 0-0 b6 8. c3 Bb7 9. Nbd2 Re8 10. Bh2 e5 11. dxe5 dxe5 12. Nc4 Ne4 13. Qc2 Qe7 14. Rfd1 Rad8 15. a4 a6 16. Bf1 Ng5 17. Nxg5 Qxg5 18. b4 f5 19. f4 Qe7 20. Rd2 exf4 21. Bxf4 Nf6 22. Rad1 Nd5 23. Bg3 h6 24. Rd3 Kh7 25. Bf2 Nxc3 26. Rxd8 Rxd8 27. Rxd8 Qxd8 28. Bg3 Qe7 29. h4 b5 30. axb5 axb5 31. Na5 Qxe3+ 32. Bf2 Qe4 33. Qd2 Bd5 34. h5 g5 35. Bc5 Be5 36. Bd3 Qh4 37. Bxf5+ Kg7 38. Bh3 Qg3 39. Bf2 Qh2+ 40. Kf1 g4 41. Bg1 Qg3 42. Bf2 Ne4 43. Bxg3 Nxd2+ 44. Ke2 Bxg3 45. Bxg4 Bd6 46. Bd7 Bxb4 47. Nc6 Bxc6 48. Bxc6 Kf6 49. Bxb5 Ke5 50. Ke3 Ne4 51. Be8 Ng3 52. Kf3 Be1 53. Kg4 c5 54. Bg6 c4 0-1

[Event "Oberliga Baden 1516"]
[Site "Baden"]
[Date "2016.01.31"]
[Round "6.3"]
[White "Duschek, Volker"]
[Black "Roesch, Mario"]
[Result "1-0"]
[WhiteElo "2272"]
[BlackElo "2113"]
[PlyCount "119"]
[EventDate "2015.09.20"]
[EventType "team-tourn"]
[EventRounds "9"]
[EventCountry "GER"]
[SourceTitle "EXT 2018"]
[Source "ChessBase"]
[SourceDate "2017.10.13"]
[SourceVersion "1"]
[SourceVersionDate "2017.10.13"]
[SourceQuality "1"]
[WhiteTeam "Karlsruhe SF"]
[BlackTeam "Oberwinden"]
[WhiteTeamCountry "GER"]
[BlackTeamCountry "GER"]

1. e4 e6 2. d4 d5 3. Nc3 dxe4 4. Nxe4 Nd7 5. Nf3 Ngf6 6. Bd3 c5 7. Nxc5 Nxc5 8. dxc5 Qa5+ 9. Bd2 Qxc5 10. Qe2 Be7 11. 0-0-0 0-0 12. Bc3 Nd5 13. Be5 f6 14. Qe4 f5 15. Qd4 Qxd4 16. Nxd4 Bg5+ 17. Kb1 Bf6 18. Rhe1 Nf4 19. Bxf4 Bxd4 20. Re2 Bf6 21. Bc4 Kf7 22. c3 g5 23. Bc7 a6 24. a4 Re8 25. a5 Bg7 26. f3 h5 27. Kc2 h4 28. g3 hxg3 29. hxg3 Bf6 30. b4 Re7 31. Bd8 Re8 32. Bb6 Kg6 33. f4 e5 34. fxe5 Rxe5 35. Rd6 Rxe2+ 36. Bxe2 Kf7 37. Bc4+ Kg7 38. Kb3 Be5 39. Bd4 Bxd4 40. cxd4 f4 41. gxf4 gxf4 42. Rd8 Kf6 43. d5 Ke7 44. Rh8 Kd6 45. Kc3 Kc7 46. Kd4 b5 47. Be2 Ra7 48. d6+ Kxd6 49. Rxc8 Re7 50. Bf3 Re3 51. Rc6+ Kd7 52. Rc3 Re1 53. Kc5 Kc7 54. Kd5+ Kb7 55. Kd6+ Ka7 56. Bd5 Kb8 57. Rh3 Re8 58. Rh7 Rd8+ 59. Rd7 Rh8 60. Rb7+ 1-0

[Event "Oberliga Baden 1314"]
[Site "Germany"]
[Date "2014.02.09"]
[Round "6.4"]
[White "Fiderer, Lukas"]
[Black "Duschek, Volker"]
[Result "1-0"]
[WhiteElo "2262"]
[BlackElo "2276"]
[PlyCount "77"]
[EventDate "2013.10.13"]
[EventType "team-tourn"]
[EventRounds "9"]
[EventCountry "GER"]
[SourceTitle "EXT 2015"]
[Source "ChessBase"]
[SourceDate "2014.11.20"]
[SourceVersion "1"]
[SourceVersionDate "2014.11.20"]
[SourceQuality "1"]
[WhiteTeam "Baden-Baden III"]
[BlackTeam "Karlsruhe"]
[WhiteTeamCountry "GER"]
[BlackTeamCountry "GER"]

1. e4 c5 2. Nf3 d6 3. d4 cxd4 4. Nxd4 Nf6 5. Nc3 a6 6. Be2 e5 7. Nb3 Be7 8. 0-0 0-0 9. Re1 b6 10. Bf3 Bb7 11. Bg5 Nbd7 12. Nd2 b5 13. a4 b4 14. Na2 d5 15. exd5 Nxd5 16. Bxe7 Qxe7 17. Nc4 Qc5 18. Nxe5 Rad8 19. Nd3 Qb6 20. Bxd5 Bxd5 21. Naxb4 Ba8 22. Qh5 Nf6 23. Qc5 Qb7 24. f3 Nd5 25. Re5 Rc8 26. Qa5 Qa7+ 27. Kh1 Nxb4 28. Qxb4 Rxc2 29. Rae1 Rcc8 30. Re7 Qb8 31. Qxb8 Rxb8 32. Nc5 Bc6 33. Rc7 Rbc8 34. Ra7 Ra8 35. Ree7 Rad8 36. h4 Rd1+ 37. Kh2 Rd2 38. Ne6 Rc8 39. Rxf7 1-0

[Event "Oberliga Baden 1213"]
[Site "Baden"]
[Date "2013.02.03"]
[Round "6.4"]
[White "Duschek, Volker"]
[Black "Mudelsee, Manfred"]
[Result "1-0"]
[WhiteElo "2255"]
[BlackElo "2278"]
[PlyCount "81"]
[EventDate "2012.10.14"]
[EventType "team-tourn"]
[EventRounds "9"]
[EventCountry "GER"]
[SourceTitle "EXT 2014"]
[Source "ChessBase"]
[SourceDate "2013.11.20"]
[SourceVersion "1"]
[SourceVersionDate "2013.11.20"]
[SourceQuality "1"]
[WhiteTeam "Karlsruhe"]
[BlackTeam "Kirchheim"]
[WhiteTeamCountry "GER"]
[BlackTeamCountry "GER"]

1. e4 c5 2. Nf3 d6 3. d4 cxd4 4. Nxd4 Nf6 5. Nc3 Nc6 6. Bc4 e6 7. Be3 a6 8. Qe2 Qc7 9. Bb3 Na5 10. g4 b5 11. g5 b4 12. Nd5 exd5 13. gxf6 Nxb3 14. axb3 dxe4 15. fxg7 Bxg7 16. 0-0-0 0-0 17. Rhg1 f5 18. Bh6 Rf7 19. Qh5 Qe7 20. Nc6 Qf8 21. Nd8 Qxd8 22. Bxg7 Rxg7 23. Rxg7+ Kxg7 24. Rg1+ Kh8 25. Qf7 Ra7 26. Qxa7 Qf6 27. Qc7 Qf8 28. Rd1 Be6 29. Qxd6 Qh6+ 30. Kb1 Qf6 31. Rg1 h5 32. h4 Kh7 33. Qxb4 Bf7 34. Qc3 Qh6 35. Qe5 Bg6 36. Rd1 Qg7 37. Qxg7+ Kxg7 38. Rd6 a5 39. Kc1 f4 40. Kd1 Bf5 41. Rd5 1-0

[Event "Oberliga Baden 1213"]
[Site "Baden"]
[Date "2013.01.13"]
[Round "5.5"]
[White "Duschek, Volker"]
[Black "Tammert, Iamze"]
[Result "1-0"]
[WhiteElo "2255"]
[BlackElo "2305"]
[PlyCount "75"]
[EventDate "2012.10.14"]
[EventType "team-tourn"]
[EventRounds "9"]
[EventCountry "GER"]
[SourceTitle "EXT 2014"]
[Source "ChessBase"]
[SourceDate "2013.11.20"]
[SourceVersion "1"]
[SourceVersionDate "2013.11.20"]
[SourceQuality "1"]
[WhiteTeam "Karlsruhe"]
[BlackTeam "Baden-Baden III"]
[WhiteTeamCountry "GER"]
[BlackTeamCountry "GER"]

1. e4 g6 2. d4 Bg7 3. Nc3 c6 4. f4 d5 5. e5 h5 6. Be3 Nh6 7. Nf3 Bg4 8. h3 Bxf3 9. Qxf3 e6 10. Bd3 h4 11. 0-0 Nd7 12. b3 Nf5 13. Bf2 Bf8 14. Ne2 Be7 15. c4 Qa5 16. Rfc1 Rd8 17. a3 Nb8 18. b4 Qc7 19. cxd5 Rxd5 20. Bxf5 gxf5 21. Nc3 Rd7 22. d5 exd5 23. Nxd5 Qd8 24. Ne3 Rd3 25. Rd1 Na6 26. Qe2 Rxd1+ 27. Rxd1 Qc8 28. Qc2 Rh5 29. Nc4 Rh6 30. Nd6+ Bxd6 31. exd6 Qd7 32. Qd2 b5 33. Bxh4 Re6 34. Qd4 f6 35. Bxf6 c5 36. bxc5 Re4 37. Qd5 Nb8 38. Qg8# 1-0

[Event "Oberliga Baden 1011"]
[Site "Baden"]
[Date "2011.03.20"]
[Round "8.3"]
[White "Duschek, Volker"]
[Black "Kiese, Matthias"]
[Result "1/2-1/2"]
[WhiteElo "2268"]
[BlackElo "2255"]
[PlyCount "43"]
[EventDate "2010.10.10"]
[EventType "team-tourn"]
[EventRounds "9"]
[EventCountry "GER"]
[SourceTitle "EXT 2012"]
[Source "ChessBase"]
[SourceDate "2011.11.24"]
[SourceVersion "1"]
[SourceVersionDate "2011.11.24"]
[SourceQuality "1"]
[WhiteTeam "Karlsruhe"]
[BlackTeam "Waldshut"]
[WhiteTeamCountry "GER"]
[BlackTeamCountry "GER"]

1. e4 c5 2. Nf3 d6 3. d4 cxd4 4. Nxd4 Nf6 5. Nc3 a6 6. Bc4 e6 7. Bb3 b5 8. Bg5 Be7 9. Qf3 Qc7 10. 0-0-0 0-0 11. e5 Bb7 12. exf6 Bxf3 13. fxe7 Re8 14. gxf3 h6 15. Bf4 Qxe7 16. Rhg1 Kh8 17. Ne4 d5 18. Nd6 Rd8 19. N4f5 exf5 20. Bxd5 Rxd6 21. Bxd6 Qxd6 22. Bxa8 1/2-1/2

[Event "Oberliga Baden 1011"]
[Site "Baden"]
[Date "2010.11.14"]
[Round "3.5"]
[White "Fiderer, Lukas"]
[Black "Duschek, Volker"]
[Result "1-0"]
[WhiteElo "2154"]
[BlackElo "2272"]
[PlyCount "137"]
[EventDate "2010.10.10"]
[EventType "team-tourn"]
[EventRounds "9"]
[EventCountry "GER"]
[SourceTitle "EXT 2012"]
[Source "ChessBase"]
[SourceDate "2011.11.24"]
[SourceVersion "1"]
[SourceVersionDate "2011.11.24"]
[SourceQuality "1"]
[WhiteTeam "Baden-Baden III"]
[BlackTeam "Karlsruhe"]
[WhiteTeamCountry "GER"]
[BlackTeamCountry "GER"]

1. e4 c5 2. Nf3 d6 3. d4 cxd4 4. Nxd4 Nf6 5. Nc3 a6 6. Be2 e5 7. Nb3 Be7 8. 0-0 0-0 9. Re1 Be6 10. Bf3 Nbd7 11. a4 Rc8 12. a5 Qc7 13. Be3 Rfe8 14. Nd2 h6 15. Nf1 b5 16. axb6 Nxb6 17. Rxa6 Nc4 18. Bc1 Qb7 19. Ra2 Qb4 20. Nd5 Bxd5 21. exd5 Nb6 22. Bd2 Qc5 23. Ne3 Bf8 24. Ra5 Qc7 25. b3 Nbd7 26. Qa1 Qb8 27. Rc1 g6 28. b4 Bg7 29. Qa3 Qb6 30. c3 e4 31. Be2 Ne5 32. Ra6 Qb8 33. c4 Rcd8 34. b5 Nd3 35. Bxd3 exd3 36. Qxd3 Ne4 37. Bb4 Nc5 38. Bxc5 dxc5 39. g3 h5 40. Rc6 h4 41. Rxc5 hxg3 42. hxg3 Bh6 43. Re1 Re5 44. Ng2 Rde8 45. Rxe5 Qxe5 46. Rc6 Qa1+ 47. Kh2 Kg7 48. Ra6 Qb2 49. Qf1 Bc1 50. d6 Qd2 51. Kg1 Bb2 52. Ra2 Qd4 53. c5 Bc3 54. Re2 Ra8 55. Rc2 Ra1 56. Rc1 Ra2 57. d7 Ba5 58. b6 Qxd7 59. c6 Qd4 60. c7 Bxb6 61. c8Q Rxf2 62. Qxf2 Qxf2+ 63. Kh2 Bd4 64. Qg4 Bf6 65. Qf4 Qe2 66. Rf1 Qb2 67. Kh3 g5 68. Qf5 Qd4 69. Ne3 1-0

[Event "Oberliga Baden 1011"]
[Site "Baden"]
[Date "2010.10.24"]
[Round "2.5"]
[White "Duschek, Volker"]
[Black "Mudelsee, Manfred"]
[Result "1/2-1/2"]
[WhiteElo "2272"]
[BlackElo "2298"]
[PlyCount "33"]
[EventDate "2010.10.10"]
[EventType "team-tourn"]
[EventRounds "9"]
[EventCountry "GER"]
[SourceTitle "EXT 2012"]
[Source "ChessBase"]
[SourceDate "2011.11.24"]
[SourceVersion "1"]
[SourceVersionDate "2011.11.24"]
[SourceQuality "1"]
[WhiteTeam "Karlsruhe"]
[BlackTeam "Kirchheim"]
[WhiteTeamCountry "GER"]
[BlackTeamCountry "GER"]

1. e4 c5 2. Nf3 d6 3. d4 cxd4 4. Nxd4 Nf6 5. Nc3 Nc6 6. Bc4 e6 7. Be3 a6 8. Qe2 Qc7 9. 0-0-0 Na5 10. Bd3 Be7 11. g4 0-0 12. g5 Nd7 13. f4 b5 14. e5 Nc5 15. exd6 Nxd3+ 16. Qxd3 Qxd6 17. Nf5 1/2-1/2

[Event "Oberliga Baden 1011"]
[Site "Baden"]
[Date "2010.10.10"]
[Round "1.5"]
[White "Duschek, Volker"]
[Black "Gierth, Hans Joachim"]
[Result "1-0"]
[WhiteElo "2272"]
[BlackElo "2216"]
[PlyCount "101"]
[EventDate "2010.10.10"]
[EventType "team-tourn"]
[EventRounds "9"]
[EventCountry "GER"]
[SourceTitle "EXT 2012"]
[Source "ChessBase"]
[SourceDate "2011.11.24"]
[SourceVersion "1"]
[SourceVersionDate "2011.11.24"]
[SourceQuality "1"]
[WhiteTeam "Karlsruhe"]
[BlackTeam "Dreisamtal"]
[WhiteTeamCountry "GER"]
[BlackTeamCountry "GER"]

1. e4 c6 2. d4 d5 3. exd5 cxd5 4. c4 Nf6 5. Nc3 e6 6. Nf3 Bb4 7. cxd5 Nxd5 8. Qc2 Nc6 9. Bd3 Ba5 10. a3 Bd7 11. 0-0 Nce7 12. Ne4 Bc7 13. Bd2 Rc8 14. Qb3 0-0 15. Rfe1 Nf4 16. Bb1 Bc6 17. Neg5 h6 18. Ne4 Nf5 19. Be3 Bd5 20. Qd1 f6 21. Bxf4 Bxf4 22. Nc3 Bc4 23. d5 Ne7 24. Qc2 f5 25. dxe6 Rf6 26. Qa4 Bb8 27. Ba2 Bxa2 28. Nxa2 Rc6 29. Rad1 Rd6 30. Nc3 a6 31. Rxd6 Qxd6 32. Qd7 Nc6 33. Qxb7 Rf8 34. Qb3 Kh7 35. Rd1 Qf4 36. Nd5 Qg4 37. h3 Qh5 38. Re1 Re8 39. Qc2 Ne7 40. Nxe7 Rxe7 41. Qc5 Qe8 42. Qxf5+ Kg8 43. Qd5 Qc8 44. Nd4 Qc7 45. Nf5 Re8 46. e7+ Kh7 47. Qf7 Qh2+ 48. Kf1 Be5 49. Qxe8 Qh1+ 50. Ke2 Qxg2 51. Qg8+ 1-0

[Event "Biel MTO op 43rd"]
[Site "Biel"]
[Date "2010.07.24"]
[Round "6"]
[White "Cebalo, Miso"]
[Black "Duschek, Volker"]
[Result "1-0"]
[WhiteElo "2500"]
[BlackElo "2269"]
[PlyCount "161"]
[EventDate "2010.07.19"]
[EventType "swiss"]
[EventRounds "11"]
[EventCountry "SUI"]
[SourceTitle "CBM 137 Extra"]
[Source "ChessBase"]
[SourceDate "2010.09.01"]
[SourceVersion "1"]
[SourceVersionDate "2010.09.01"]
[SourceQuality "1"]

1. d4 Nf6 2. Bg5 Ne4 3. Bf4 c5 4. f3 Qa5+ 5. c3 Nf6 6. d5 d6 7. e4 g6 8. Na3 Bg7 9. Nc4 Qd8 10. a4 0-0 11. Qd2 e6 12. dxe6 Bxe6 13. Qxd6 Nfd7 14. Nh3 Nc6 15. Nf2 Na5 16. Nxa5 Qxa5 17. Bb5 Rfd8 18. 0-0 c4 19. Qc7 Qxc7 20. Bxc7 Rdc8 21. Bd6 Nc5 22. Bxc5 Rxc5 23. Rfd1 Rc7 24. a5 a6 25. Ba4 Rb8 26. Kf1 h5 27. g3 Bf8 28. h4 Bc5 29. Ke2 Kf8 30. Rd2 Ke7 31. Nd1 Bd6 32. Kf2 Rc5 33. Bc2 Bc7 34. Ne3 Bxa5 35. f4 Bb6 36. Kf3 Rb5 37. Ra2 Bxe3 38. Kxe3 Rc8 39. Bd1 Rbc5 40. Bf3 R8c6 41. Rd4 Rb6 42. Kd2 Rcb5 43. Kc2 Rc5 44. Be2 Rbc6 45. Ra1 Rb6 46. Rb1 Rbc6 47. Rbd1 b5 48. Rd8 Rb6 49. Ra8 b4 50. Ra7+ Ke8 51. Rd4 bxc3 52. bxc3 Rbc6 53. Rd1 Rb6 54. Kd2 Ra5 55. Ke3 Ra2 56. f5 gxf5 57. exf5 Rxe2+ 58. Kxe2 Bxf5 59. Rd5 Re6+ 60. Kf2 Bg4 61. Rd2 Kf8 62. Rc7 Rf6+ 63. Kg2 Be6 64. Rc5 Rh6 65. Rd4 Kg7 66. Kf2 Rh8 67. Rg5+ Kf6 68. Ra5 Rb8 69. Rxa6 Rb2+ 70. Ke3 Rg2 71. Kf3 Rc2 72. Rxc4 Kg7 73. Rc5 Bg4+ 74. Ke3 Re2+ 75. Kd3 Rg2 76. Rg5+ Kf8 77. Ra8+ Ke7 78. Re5+ Kd6 79. Re3 Bf5+ 80. Kc4 Be6+ 81. Kd4 1-0

[Event "Oberliga Baden 0910"]
[Site "Germany"]
[Date "2010.03.21"]
[Round "8.4"]
[White "Duschek, Volker"]
[Black "Schulte, Torsten"]
[Result "1-0"]
[WhiteElo "2272"]
[BlackElo "2167"]
[PlyCount "51"]
[EventDate "2009.10.18"]
[EventType "team-tourn"]
[EventRounds "9"]
[EventCountry "GER"]
[SourceTitle "EXT 2011"]
[Source "ChessBase"]
[SourceDate "2010.11.26"]
[SourceVersion "1"]
[SourceVersionDate "2010.11.26"]
[SourceQuality "1"]
[WhiteTeam "Karlsruhe"]
[BlackTeam "Eppingen II"]
[WhiteTeamCountry "GER"]
[BlackTeamCountry "GER"]

1. e4 e5 2. Nf3 Nc6 3. Bb5 Nf6 4. 0-0 Nxe4 5. d4 Nd6 6. Bxc6 dxc6 7. dxe5 Nf5 8. Qxd8+ Kxd8 9. Nc3 Ne7 10. b3 Bg4 11. Ng5 Ke8 12. Bb2 Ng6 13. Rfe1 Be7 14. Nge4 Rd8 15. Nf6+ gxf6 16. exf6 Rg8 17. fxe7 Nxe7 18. Ne4 Rg6 19. Nf6+ Kf8 20. Nxg4 Rxg4 21. Ba3 Rd6 22. Bxd6 cxd6 23. Rad1 d5 24. f3 Rg6 25. Kf2 Nf5 26. c4 1-0